Expert Data Structures with C (Record no. 4181)

MARC details
000 -LEADER
fixed length control field 00348nam a2200145Ia 4500
008 - FIXED-LENGTH DATA ELEMENTS--GENERAL INFORMATION
fixed length control field 191201s2009 xx 000 0 und d
082 ## - DEWEY DECIMAL CLASSIFICATION NUMBER
Classification number 005.133
Item number PAE
100 ## - MAIN ENTRY--PERSONAL NAME
Personal name PATEL, R.B.
245 #0 - TITLE STATEMENT
Title Expert Data Structures with C
250 ## - EDITION STATEMENT
Edition statement Rep
260 ## - PUBLICATION, DISTRIBUTION, ETC. (IMPRINT)
Place of publication, distribution, etc N.Delhi
Name of publisher, distributor, etc Khanna Publisher
Date of publication, distribution, etc 2009
300 ## - PHYSICAL DESCRIPTION
Extent 715
650 ## - SUBJECT ADDED ENTRY--TOPICAL TERM
Topical term or geographic name as entry element B.Tech(IT)
942 ## - ADDED ENTRY ELEMENTS (KOHA)
Source of classification or shelving scheme Dewey Decimal Classification
Koha item type Text Books
Holdings
Withdrawn status Lost status Source of classification or shelving scheme Damaged status Not for loan Collection code Home library Current library Date acquired Source of acquisition Cost, normal purchase price Bill Number Total Checkouts Full call number Acc. no. / Barcode Date last seen Bill Date Koha item type Date last borrowed
    Dewey Decimal Classification     B.Tech(IT) PIET C-LIBRARY PIET C-LIBRARY 23/11/2009 J B C, New Delhi 350.00 SI-3710   005.133 PAE 13842 04/12/2019 14/11/2009 Text Books  
    Dewey Decimal Classification     B.Tech(IT) PIET C-LIBRARY PIET C-LIBRARY 23/11/2009 J B C, New Delhi 350.00 SI-3710   005.133 PAE 13843 04/12/2019 14/11/2009 Text Books  
    Dewey Decimal Classification     B.Tech(IT) PIET C-LIBRARY PIET C-LIBRARY 23/11/2009 J B C, New Delhi 350.00 SI-3710   005.133 PAE 13844 09/12/2019 14/11/2009 Text Books  
    Dewey Decimal Classification     B.Tech(IT) PIET C-LIBRARY PIET C-LIBRARY 23/11/2009 J B C, New Delhi 350.00 SI-3710   005.133 PAE 13845 04/12/2019 14/11/2009 Text Books  
    Dewey Decimal Classification     B.Tech(IT) PIET C-LIBRARY PIET C-LIBRARY 23/11/2009 J B C, New Delhi 350.00 SI-3710 1 005.133 PAE 13846 16/12/2022 14/11/2009 Text Books 02/12/2022

Design & Developed by: PIET Central Library
R70 Miles Stone Pattikalyana Samalkha Panipat 132102
mail ID :- [email protected], Phone No:- 0180-2569700 Ex.216